000 00925nam a2200253Ia 4500
003 OSt
005 20221005112043.0
006 a|||||r|||| 00| 0
007 ta
008 221004b |||||||| |||| 00| 0 hin d
024 _a32040
037 _cTextual
040 _aCRL
_cCRL
_bhin
041 _2hin
_ahin
082 _aO152v'N3, J4
100 _aशुक्ल, कृष्णशंकर
245 0 _aआधुनिक हिन्दी-साहित्य
_b संवत् 1900 से 1990 तक
246 _aĀdhunik hindī-sāhitya: sanvat 1900 se 1990 taka
260 _aवाराणसी
_bहिन्दी-साहित्य कुटीर भारत
_c1957
300 _a392पृ.
_ccm.
650 _aहिन्दी साहित्य
942 _hO152v'N3, J4
_cTEXL
_2cc
999 _c1023691
_d1023691